Statystyki dla Herosi w Warcraft 2

Kliknij tutaj aby rozwiązać quiz!

Ogólne statystyki

  • Ten quiz został rozwiązany 8 razy
  • Średni wynik to 3 z 15

Statystyki odpowiedzi

KampaniaTyp jednostkiImię jednostki% Poprawnych
OrkowieRycerz śmierciGul ' Dan
57%
LudzieMagKhadgar
43%
LudzieElficki łucznikAleria
29%
LudzieRycerzLord Lothar
29%
LudziePaladynTuralyon
29%
OrkowieOgrowy magCho ' Gall
14%
LudziePiechurDanath
14%
OrkowieSmokDeathwing
14%
LudziePół-paladynUther Lightbringer
14%
OrkowieTroll topornikZuljin
14%
OrkowieOgrowy magDentarg
0%
OrkowieSiepaczGrom Helscream
0%
OrkowieSiepaczKorgath Bladefeast
0%
LudzieGryfi jeżdziecKurdran adn Sky ' Ree
0%
OrkowieRycerz śmierciTheron Gorefiend
0%

Rozkład punktacji

Percentyl według liczby udzielonych odpowiedzi

Procent ludzi z każdym wynikiem

Twoja historia wyników

Nie rozwiązałeś tego quizu